00473nam a2200145Ia 4500082001800000100001900018245005700037260004600094300001000140504003300150650002800183650004900211650002600260650004100286 a343.097 SAC-; aSachdeva, G.S. 0aInternational transportation: law of carriage by air aNew DelhibDeep & Deep Publicationsc1987 a328p. aIncludes index, bibliography aInternational relations aAeronautics,commercial - Law and legislation aAirlines - Management aTransportation - Law and legislation